US Military Planes - Statistics

General Stats
  • This quiz has been taken 1,980 times
    1,313 since last reset
  • The average score is 13 of 16
Answer Stats
Picture Answer % Correct
F-22
96%
F-35
96%
F-16
95%
B-2
93%
F-14
92%
A-10
90%
F-15
90%
F-18
90%
SR-71
87%
F-117
86%
F-4
77%
C-130
74%
Osprey
70%
F-111
63%
F-86
57%
F-105
36%
No matching quizzes found
Score Distribution
Percent of People with Each Score
Percentile by Number Answered
Your Score History
You have not taken this quiz since the last reset